000 003300000a22000970004500
100 1 _aRestrepo Vélez, Darío
245 1 0 _aTu nombre me sabe a yerba : El Caso de Ossa --el exdirectivo del Banco de la República cuenta cómo fue la cosa
300 _aVol. 5, Num 5 (Julio, 1993), Páginas 14-19
773 0 _tCambio 16
942 _cANA
999 _c58601
_d58601